00877nam a22002417a 4500999001700000003000900017008004100026040007100067082001800138100001500156245002500171260003200196300002800228440002700256505011300283650002500396650002300421650002900444700003400473942001600507945000800523952010400531 c17629d17629AR-CdUCM190416b ||||| |||| 00| 0 spa d aMUNICIPALIDAD PROVINCIAL DEL CUSCOcBIBLIOTECA MUNICIPAL DEL CUSCO a882.2 /bSO65 aSófocles aDramas y tragedias / aBarcelona :bIberia,c1962. a328 páginas ;c21 cm. aObras Maestras.913716 aContenido: Edipo Rey -- Edipo en Colona -- Antígona -- Electra -- Las Traquinias -- Filóctectes -- Ayax. aTeatro griego 97549 aAdaptaciones91309 aLiteratura Griega919082 aBlánquez, Agustín 937762 2ddccLIBROS arcc 002ddc4070aSHbSHcCARTd2019-05-09g15.00o882.2 / SO65 / e.2pSH0000012534r2019-05-09yLIBROS